| 000 | 00629nam a2200145Ia 4500 | ||
|---|---|---|---|
| 008 | 170221s9999 xx 000 0 und d | ||
| 100 | _aDiana N. Davletbaeva | ||
| 245 | 4 | _aThe Model of Formation of Patriotism at Schoolchildren by Means of Folk Pedagogics | |
| 245 | _cDiana N. Davletbaeva, Elena L. Iakovleva, Diana F. Kajumova, Anna A. Karimova, Aida G. Sadykova, Elena V. Shvetsova, Elmira M. Vildanova, Dariya Z. Yarhamova | ||
| 260 | _bInternational Review of Management and Marketing | ||
| 260 | _c2017 | ||
| 300 | _a7 : 1 | ||
| 650 | _xMarketing. | ||
| 856 | _uhttp://www.econjournals.com/index.php/irmm/issue/view/71 | ||
| 999 |
_c312375 _d312375 |
||